| 000 | 01744cam a2200277 4500 | ||
|---|---|---|---|
| 001 | ABS68237 | ||
| 008 | 040928n2004 000 0 eng u | ||
| 035 | _a(Sirsi) u127547 | ||
| 100 | _aHarwood, R. | ||
| 245 | _aEnvironmental impact assessment: what's next? | ||
| 260 | _c2004 | ||
| 490 |
_aJournal of Planning and Environment Law _vSeptember 2004, 1161-1175(14) |
||
| 520 | _aRefers extensively to case law throughout to explain the application of applying an Environmental Impact Assessment (EIA) in a variety of different scenarios including development consents and s73 applications. Traces the origin and development of the EIA concept on a global basis. Looks at the impact of "R v SoS Transport ex parte Wells" (C-201/02, X125853) on a range of EIA scenarios. Mentions the first Privy Council decision on EIA, "Belize Alliance of Conservation Non-Government Organisations v Department of the Environment and another" ([2004] UKPC 6). Comments on "Shiu Wing Steel Ltd v Director Environmental Protection" (HCAL184/2002) with an explanation of the EIA system in Hong Kong. The author notes that " Shiu Wing" is due to go to appeal in September 2004. | ||
| 590 | _aABS | ||
| 590 | _aABS | ||
| 650 | _aENVIRONMENTAL IMPACT ASSESSMENTS | ||
| 650 | _aR V SOS TRANSPORT EX P WELLS | ||
| 650 | _aDEVELOPMENT CONSENTS | ||
| 650 | _aR V NORTH YORKSHIRE CC EX P BROWN AND ANOTHER | ||
| 650 | _aR V LONDON UNDERGROUND LTD EX P PROKOPP | ||
| 650 | _aBELIZE ALLIANCE OF CONSERVATION NON-GOVERNMENT ORGANISATIONS V DEPARTMENT OF THE ENVIRONMENT AND ANOTHER | ||
| 650 | _aSHIU WING STEEL LTD V DIRECTOR ENIVORNMENTAL PROTECTION | ||
| 650 | _aTOWN AND COUNTRY PLANNING ACT 1990 S73 | ||
| 690 |
_aENVIRONMENT _96238 |
||
| 942 | _n0 | ||
| 999 |
_c118075 _d118075 |
||